D551 Knowledge Quiz - Statistics

General Stats
  • This quiz has been taken 26 times
  • The average score is 7 of 27
Answer Stats
Hint Answer % Correct
Brigade Motto Voice of Victory
80%
Battalion Motto Watch and Warn
60%
Company 1SG 1SG Cagle
40%
SHARP Report 3 Anonymous
40%
Company Commander CPT Waldron
40%
Brigade CSM CSM Piper
40%
SHARP Representative 2 DS Clemente
40%
Platoon DS 3 DS Threat
40%
Company Motto Gladiators, For Glory & Honor
40%
SHARP Report 1 Restricted
40%
SHARP Report 2 Unrestricted
40%
Brigade Commander COL Cherkauskas
20%
Platoon DS 2 DS Kastner
20%
EO Representative 2 DS Lester
20%
SHARP Representative 1 DS Nowlin
20%
Platoon DS 1 DS Woods
20%
EO Category 3 Gender
20%
EO Category 5 Race
20%
EO Category 1 Religion
20%
EO Representative 1 SDS Gillens
20%
Platoon SDS SDS Gillens
20%
SHARP Sexual Harassment Assault Response & Prevention
20%
EO Category 4 Color
0%
EO Category 6 Country of Origin
0%
Battalion CSM CSM Stadler
0%
Battalion Commander LTC Adkission
0%
EO Category 2 Sexual Orientation
0%
No matching quizzes found
Score Distribution
Percent of People with Each Score
Percentile by Number Answered
Your Score History
You have not taken this quiz